Corporate : agriculture : 2004/ 05 directory.
| Format: | Book |
|---|---|
| Published: |
Kuala Lumpur:
Telekom Publications,
2004.
|
| Subjects: |
| LEADER | 00456cam a2200145 7i4500 | ||
|---|---|---|---|
| 001 | 0000015125 | ||
| 005 | 20050314090000.0 | ||
| 022 | 0 | 0 | |a 1675-400 X |
| 090 | 0 | 0 | |a M 630.025 |b COR |
| 245 | 0 | 0 | |a Corporate : |b agriculture : 2004/ 05 directory. |
| 260 | 0 | 0 | |a Kuala Lumpur: |b Telekom Publications, |c 2004. |
| 300 | # | # | |a 211 p. |
| 650 | 0 | 0 | |a Agriculture -- |x Directories -- |z Malaysia |
| 651 | 0 | 0 | |a Malaysia |
| 999 | |a PNG000121H |b Directories |c Malaysia |e MATRADE Northern Regional Office | ||